[Event "DVM U12 2013"]
[Site "Lichtenfels-Schney GER"]
[Date "2013.12.28"]
[Round "4"]
[White "Chernykh, Arkady"]
[Black "Buschmann, Julius"]
[Result "1/2-1/2"]
[Termination "normal"]
[Board "6.4"]
[WhiteElo "1205"]
[BlackElo "1230"]
[WhiteTeam "Karlsruher SF 1853"]
[BlackTeam "SG Turm Leipzig"]
[WhiteFideId "12989436"]
[BlackFideId "16255895"]
[EventCountry "GER"]
[EventRounds "7"]
[EventType "team-swiss"]
[EventDate "2013.12.26"]

1. d4 d5 2. c4 e5 3. dxe5 d4 4. Nf3 Nc6 5. e4 Bg4 6. Bf4 Bb4+ 7. Nbd2 Nge7 8.
a3 Bxd2+ 9. Kxd2 Ng6 10. Bg3 Ngxe5 11. Bxe5 Nxe5 12. Rg1 Nc6 13. h3 Be6 14. Bd3
O-O 15. Rc1 Na5 16. b4 Nc6 17. g4 Ne5 18. Nxe5 Qg5+ 19. Kc2 Qxe5 20. Qd2 Qd6
21. f4 Qa6 22. Kb2 Rac8 23. b5 Qd6 24. c5 Qe7 25. f5 Bd7 26. Qh2 c6 27. bxc6
Bxc6 28. Qd6 Qxd6 29. cxd6 Rfd8 30. e5 f6 31. Bc4+ Kh8 32. e6 Rxd6 33. e7 Re8
34. Rce1 Bd5 35. Bxd5 Rxd5 36. Rc1 Kg8 37. Rc7 Rb5+ 38. Kc2 Rb6 39. Kd3 Kf7 40.
Re1 Rb3+ 41. Kxd4 Rxh3 42. Rxb7 Rxa3 43. Kc5 Ra5+ 44. Kb4 Re5 45. Ra1 R8xe7 46.
Raxa7 Rxb7+ 47. Rxb7+ Re7 48. Rxe7+ Kxe7 49. Kc5 Kf7 50. Kd4 g6 51. Ke4 gxf5+
52. Kxf5 Kg7 53. g5 fxg5 54. Kxg5 h6+ 1/2-1/2

[Event "DVM U12 2013"]
[Site "Lichtenfels-Schney GER"]
[Date "2013.12.28"]
[Round "4"]
[White "Werner, Sebastian"]
[Black "Dalchow, Jonas"]
[Result "0-1"]
[Termination "normal"]
[Board "7.1"]
[WhiteElo "1164"]
[BlackElo "1443"]
[WhiteTeam "SV Seubelsdorf"]
[BlackTeam "SC 1997 Lambsheim"]
[BlackFideId "12971251"]
[EventCountry "GER"]
[EventRounds "7"]
[EventType "team-swiss"]
[EventDate "2013.12.26"]

1. e4 e5 2. Nf3 Nc6 3. d4 exd4 4. Nxd4 d6 5. Bb5 Bd7 6. O-O Nf6 7. Nc3 Be7 8.
Bg5 O-O 9. Nxc6 Bxc6 10. Bxc6 bxc6 11. Qf3 Re8 12. Rfe1 Nd7 13. Bf4 Bg5 14. Re3
Ne5 15. Qg3 Bxf4 16. Qxf4 Qd7 17. Qg5 Nc4 18. Rg3 f6 19. Qh4 Qf7 20. Rh3 h6 21.
b3 Na3 22. Rc1 Rad8 23. Ne2 d5 24. Ng3 dxe4 25. Nf5 Qg6 26. Qf4 Nxc2 27. Rg3
Qh5 28. Rxg7+ Kh8 29. Rg4 Rd7 30. Qxh6+ Qxh6 31. Nxh6 Red8 32. h3 Rd1+ 33. Rxd1
Rxd1+ 34. Kh2 Re1 35. Kg3 Re2 36. f4 e3 37. f5 Rd2 38. Nf7+ Kh7 39. Rh4+ Kg7
40. Nd8 e2 41. Rg4+ Kf8 42. Ne6+ Ke7 43. Rg7+ Kd6 44. Nf8 e1=Q+ 45. Kg4 Rxg2+
46. Kh5 Rxg7 47. Kh6 Qg3 48. Ng6 Rxg6+ 49. fxg6 Qg5+ 50. Kh7 Ke7 51. Kg8 Qxg6+
52. Kh8 Kf7 53. a4 Qg7# 0-1

[Event "DVM U12 2013"]
[Site "Lichtenfels-Schney GER"]
[Date "2013.12.28"]
[Round "4"]
[White "Wacker, Andreas"]
[Black "Kolb, Verena"]
[Result "1-0"]
[Termination "normal"]
[Board "7.2"]
[WhiteElo "1495"]
[BlackElo "1286"]
[WhiteTeam "SC 1997 Lambsheim"]
[BlackTeam "SV Seubelsdorf"]
[WhiteFideId "12953083"]
[BlackFideId "12992313"]
[EventCountry "GER"]
[EventRounds "7"]
[EventType "team-swiss"]
[EventDate "2013.12.26"]

1. e4 e6 2. d4 d5 3. exd5 exd5 4. Nf3 Bd6 5. Bg5 f6 6. Be3 Bg4 7. Bd3 c6 8. O-O
Qb6 9. b3 Ne7 10. Nbd2 c5 11. dxc5 Bxc5 12. Re1 Nbc6 13. c3 O-O-O 14. b4 Bxe3
15. Rxe3 g6 16. h3 Bf5 17. a3 Rhe8 18. Qe2 Kb8 19. Bxf5 gxf5 20. Re6 Qc7 21.
Nh4 Ne5 22. Ndf3 N7g6 23. Rxe8 Rxe8 24. Qd2 Qd7 25. Rd1 Rd8 26. Qd4 Nxf3+ 27.
Nxf3 Qc6 28. c4 Ne7 29. Nh4 Qe6 30. Kf1 Nc6 31. Qf4+ Qe5 32. Qxe5+ fxe5 33.
Nxf5 dxc4 34. Rxd8+ Nxd8 35. Nd6 c3 36. Ke2 Ne6 37. g3 Nd4+ 38. Kd3 c2 39. Kd2
Kc7 40. Nc4 Kc6 41. Ne3 Kb5 42. Nxc2 Ka4 43. Kc3 Nxc2 44. Kxc2 Kxa3 45. Kc3 b6
46. g4 a5 47. bxa5 bxa5 48. g5 a4 49. h4 Ka2 50. Kc2 a3 51. h5 e4 52. g6 hxg6
53. hxg6 e3 54. fxe3 Ka1 55. g7 a2 56. Kd2 Kb2 57. g8=Q a1=Q 58. Qh8+ Ka2 59.
Qa8+ Kb2 60. Qxa1+ Kxa1 1-0

[Event "DVM U12 2013"]
[Site "Lichtenfels-Schney GER"]
[Date "2013.12.28"]
[Round "4"]
[White "Kolb, Tobias"]
[Black "Mühlpfordt, Thomas"]
[Result "0-1"]
[Termination "normal"]
[Board "7.3"]
[WhiteElo "937"]
[BlackElo "1120"]
[WhiteTeam "SV Seubelsdorf"]
[BlackTeam "SC 1997 Lambsheim"]
[WhiteFideId "12992321"]
[BlackFideId "12986623"]
[EventCountry "GER"]
[EventRounds "7"]
[EventType "team-swiss"]
[EventDate "2013.12.26"]

1. e4 e5 2. Nf3 Nc6 3. d4 exd4 4. Nxd4 Bc5 5. Be3 Qf6 6. c3 b6 7. Bc4 Bb7 8. f3
Nge7 9. O-O O-O 10. Re1 Nxd4 11. cxd4 Bb4 12. Nc3 Ng6 13. a3 Be7 14. Qa4 c6 15.
d5 b5 16. Bxb5 cxb5 17. Qxb5 Rfb8 18. Qxd7 Qd6 19. Qa4 Qa6 20. Qd4 Bf6 21. Qd2
Rd8 22. Qc2 Rac8 23. Qb3 Ba8 24. Rac1 Ne5 25. Nb5 Rb8 26. a4 Qb7 27. Rc7 Qxc7
28. Nxc7 Rxb3 29. Bxa7 Nd3 30. Re3 Rb7 31. Nb5 Rxa7 32. Nxa7 Bd4 33. Kf1 Bxe3
34. Nb5 Nxb2 35. Ke2 Bh6 36. g4 Nxa4 37. h3 g6 38. Nd4 Bg7 39. Nc2 Nc3+ 40. Kd3
Nxd5 41. exd5 Bxd5 42. f4 Bb3+ 43. Ke2 Bxc2 44. f5 gxf5 45. gxf5 Bxf5 46. Kf3
Bxh3 47. Kg3 Be6 48. Kf4 f5 49. Kg5 Kf7 50. Kh5 f4 51. Kh4 f3 52. Kg3 Bd5 53.
Kf2 Kf6 54. Kf1 Kf5 55. Kf2 Ra8 56. Kf1 Ra2 57. Kg1 f2+ 58. Kf1 Bc4+ 59. Kg2
f1=Q+ 60. Kg3 Rg2+ 61. Kh3 Qh1# 0-1

[Event "DVM U12 2013"]
[Site "Lichtenfels-Schney GER"]
[Date "2013.12.28"]
[Round "4"]
[White "Dalchow, Mario"]
[Black "Wiemann, Vanessa"]
[Result "1-0"]
[Termination "normal"]
[Board "7.4"]
[WhiteElo "1061"]
[BlackElo "977"]
[WhiteTeam "SC 1997 Lambsheim"]
[BlackTeam "SV Seubelsdorf"]
[WhiteFideId "12971421"]
[BlackFideId "12942987"]
[EventCountry "GER"]
[EventRounds "7"]
[EventType "team-swiss"]
[EventDate "2013.12.26"]

1. e4 e5 2. Nf3 Nc6 3. Bc4 Bc5 4. Nc3 Nf6 5. O-O O-O 6. d3 h6 7. h3 d6 8. Nd5
Bd7 9. c3 Nxd5 10. Bxd5 Qf6 11. Qe2 Qg6 12. Kh1 Qf6 13. Be3 Bxe3 14. Qxe3 Be6
15. Bxe6 fxe6 16. d4 exd4 17. cxd4 e5 18. d5 Nd4 19. Rac1 Rac8 20. Nxd4 exd4
21. Qd2 Qe5 22. Rfe1 Rf4 23. f3 c5 24. b3 Ra8 25. b4 cxb4 26. Qxb4 b6 27. Red1
a5 28. Qxd4 Qxd4 29. Rxd4 a4 30. Rc6 b5 31. Rxd6 a3 32. Rb6 Ra5 33. Rb4 Rf7 34.
R4xb5 Rxb5 35. Rxb5 Rc7 36. Ra5 Rc3 37. d6 Rd3 38. e5 Kf7 39. Kh2 Ke6 40. Kg3
g5 41. h4 Re3 42. hxg5 hxg5 43. Kg4 Rxe5 44. Rxe5+ Kxe5 45. d7 Ke6 46. d8=Q Ke5
47. Qd7 Kf6 48. Qd5 Kg6 49. Qe6+ Kg7 50. Kxg5 Kh8 51. Qe7 Kg8 52. Kg6 Kh8 53.
Qf8# 1-0

[Event "DVM U12 2013"]
[Site "Lichtenfels-Schney GER"]
[Date "2013.12.28"]
[Round "4"]
[White "Grimm, Ling Leander"]
[Black "Kühner, Tobias"]
[Result "1-0"]
[Termination "normal"]
[Board "8.1"]
[WhiteElo "1519"]
[BlackElo "1740"]
[WhiteTeam "SK Bebenhausen"]
[BlackTeam "SK Bickenbach"]
[WhiteFideId "12968277"]
[BlackFideId "12973815"]
[EventCountry "GER"]
[EventRounds "7"]
[EventType "team-swiss"]
[EventDate "2013.12.26"]

1. e4 c5 2. d4 cxd4 3. c3 e5 4. cxd4 exd4 5. Nf3 d5 6. exd5 Nf6 7. Qxd4 Nxd5 8.
Bc4 Be6 9. O-O Nc6 10. Bb5 Ndb4 11. Qc3 a6 12. Bc4 Nd5 13. Bxd5 Qxd5 14. Ng5
Nd4 15. Re1 Rc8 16. Qxc8+ Qd8 17. Qxd8+ Kxd8 18. Nxe6+ Nxe6 19. Nc3 Bb4 20.
Rd1+ Kc8 21. Be3 Kb8 22. Nd5 Bc5 23. Bxc5 Nxc5 24. Rac1 Ne6 25. Nb6 Ka7 26.
Nc8+ Kb8 27. Nd6 f6 28. Re1 Nd4 29. Rcd1 Nc6 30. Re8+ Rxe8 31. Nxe8 Nb4 32. a3
Nc6 33. Nxg7 Ne5 34. b3 Kc7 35. Ne8+ 1-0

[Event "DVM U12 2013"]
[Site "Lichtenfels-Schney GER"]
[Date "2013.12.28"]
[Round "4"]
[White "Riemann, Jonas"]
[Black "De Rentiis, Davide Luca"]
[Result "0-1"]
[Termination "normal"]
[Board "8.2"]
[WhiteElo "1200"]
[BlackElo "1073"]
[WhiteTeam "SK Bickenbach"]
[BlackTeam "SK Bebenhausen"]
[WhiteFideId "12977462"]
[BlackFideId "12967050"]
[EventCountry "GER"]
[EventRounds "7"]
[EventType "team-swiss"]
[EventDate "2013.12.26"]

1. e4 e5 2. Nf3 Nc6 3. Bc4 Nf6 4. Ng5 d5 5. exd5 Na5 6. Be2 c6 7. dxc6 Nxc6 8.
O-O Bc5 9. d3 h6 10. Nf3 O-O 11. Nc3 Be6 12. Re1 Qc7 13. h3 Rad8 14. Bd2 Rfe8
15. Qc1 Kh7 16. Ne4 Nxe4 17. dxe4 Qb6 18. Rf1 f5 19. exf5 Bxf5 20. a3 Nd4 21.
Nxd4 Bxd4 22. Be3 Qg6 23. Bg4 Bxg4 24. hxg4 Qxg4 25. Bxd4 Rxd4 26. Qe3 Re6 27.
c3 Rdd6 28. Qxa7 Rg6 29. g3 Rd3 30. Rfe1 Rxg3+ 31. fxg3 Qxg3+ 32. Kh1 Qg2# 0-1

[Event "DVM U12 2013"]
[Site "Lichtenfels-Schney GER"]
[Date "2013.12.28"]
[Round "4"]
[White "Klein, Sebastian"]
[Black "Kowalski, Ben Wito"]
[Result "0-1"]
[Termination "normal"]
[Board "9.1"]
[WhiteElo "1331"]
[BlackElo "1721"]
[WhiteTeam "SR Spaichingen"]
[BlackTeam "Stader SV"]
[WhiteFideId "16200845"]
[BlackFideId "12956171"]
[EventCountry "GER"]
[EventRounds "7"]
[EventType "team-swiss"]
[EventDate "2013.12.26"]

1. c4 e5 2. Nc3 Nf6 3. g3 c6 4. Bg2 d5 5. cxd5 cxd5 6. d3 Bb4 7. a3 Bc5 8. b4
Bd4 9. Bb2 Bf5 10. Nf3 Nc6 11. b5 Qa5 12. Qd2 Ne7 13. a4 Rc8 14. Nxd4 exd4 15.
Na2 Qxd2+ 16. Kxd2 Ng4 17. f3 Ne3 18. Rac1 Rxc1 19. Rxc1 Nxg2 20. Bxd4 O-O 21.
Rg1 Bh3 22. Bxa7 Ra8 23. Bc5 Nf5 24. Nc3 d4 25. Ne4 Rxa4 26. Rc1 Ra2+ 27. Kd1
Nfe3# 0-1

[Event "DVM U12 2013"]
[Site "Lichtenfels-Schney GER"]
[Date "2013.12.28"]
[Round "4"]
[White "Hammann, Moritz"]
[Black "Zetto, Lukas"]
[Result "1/2-1/2"]
[Termination "normal"]
[Board "9.2"]
[WhiteElo "1321"]
[BlackElo "1311"]
[WhiteTeam "Stader SV"]
[BlackTeam "SR Spaichingen"]
[WhiteFideId "12982040"]
[BlackFideId "16261747"]
[EventCountry "GER"]
[EventRounds "7"]
[EventType "team-swiss"]
[EventDate "2013.12.26"]

1. e4 e6 2. d4 d5 3. exd5 exd5 4. Bd3 Bd6 5. Nf3 Bg4 6. Be3 Nf6 7. Nc3 c6 8.
Qe2 Qe7 9. O-O-O Nbd7 10. Bg5 Qxe2 11. Nxe2 O-O-O 12. Rhe1 Rde8 13. Bf4 Bxf4+
14. Nxf4 Bxf3 15. gxf3 g6 16. Re3 Kd8 17. c4 dxc4 18. Bxc4 Nb6 19. Bxf7 Ref8
20. Ne6+ Ke7 21. Nxf8+ Kxf8 22. Bb3 Nbd5 23. Bxd5 Nxd5 24. Re4 Kg7 25. Rg4 Rf8
26. Rg3 Nf4 27. Rd2 Re8 28. Kd1 Kf6 29. h4 h5 30. Rg5 Nd5 31. Re2 Rd8 32. a3
Nf4 33. Rd2 Ne6 34. Ra5 a6 35. d5 cxd5 36. Raxd5 Rxd5 37. Rxd5 Nf4 38. Rd4 Ne6
39. Rb4 Nc5 40. Ke2 Kf5 41. Ke3 Ke5 42. f4+ Kf5 43. f3 b5 44. b3 Ne6 45. a4 Nc7
46. Rd4 Ke6 47. Ke4 Ne8 48. axb5 axb5 49. Ke3 1/2-1/2

[Event "DVM U12 2013"]
[Site "Lichtenfels-Schney GER"]
[Date "2013.12.28"]
[Round "4"]
[White "Schrägle, Thorsten"]
[Black "Bargsten, Justus"]
[Result "0-1"]
[Termination "normal"]
[Board "9.3"]
[WhiteElo "1271"]
[BlackElo "1297"]
[WhiteTeam "SR Spaichingen"]
[BlackTeam "Stader SV"]
[WhiteFideId "16224248"]
[BlackFideId "12974188"]
[EventCountry "GER"]
[EventRounds "7"]
[EventType "team-swiss"]
[EventDate "2013.12.26"]

1. e4 c5 2. Nc3 Nc6 3. g3 d6 4. Bg2 Nf6 5. Nge2 g6 6. d3 Bg7 7. O-O O-O 8. Be3
Bd7 9. Qd2 Rb8 10. Rae1 b5 11. a3 a5 12. f4 b4 13. axb4 axb4 14. Nd1 Ng4 15. b3
Nxe3 16. Qxe3 Nd4 17. Qd2 Ra8 18. Ne3 Ra2 19. h3 Nxb3 20. Qd1 Ra1 21. cxb3 Rxd1
22. Rxd1 Qa8 23. Kh2 f5 24. Rc1 Be6 25. Rb1 Qa6 26. Nc1 Bd4 27. Nc4 Bxc4 28.
dxc4 e5 29. fxe5 dxe5 30. exf5 Rxf5 31. Bd5+ Kg7 32. Rxf5 gxf5 33. Kg2 Be3 0-1

[Event "DVM U12 2013"]
[Site "Lichtenfels-Schney GER"]
[Date "2013.12.28"]
[Round "4"]
[White "Hatko, Julian"]
[Black "Hengstler, Lukas"]
[Result "0-1"]
[Termination "normal"]
[Board "9.4"]
[WhiteElo "961"]
[BlackElo "1014"]
[WhiteTeam "Stader SV"]
[BlackTeam "SR Spaichingen"]
[WhiteFideId "16210280"]
[BlackFideId "16232763"]
[EventCountry "GER"]
[EventRounds "7"]
[EventType "team-swiss"]
[EventDate "2013.12.26"]

1. d4 Nf6 2. Nf3 d5 3. c4 Nc6 4. Nc3 dxc4 5. e4 Bg4 6. Be3 e5 7. d5 Nd4 8. Bxd4
exd4 9. Qxd4 Bxf3 10. gxf3 Bb4 11. Qxc4 Bxc3+ 12. bxc3 O-O 13. Bg2 Re8 14. O-O
Qd6 15. Qb3 b6 16. Rfe1 Rad8 17. Qa4 a5 18. Re2 Nxd5 19. Rd2 Nxc3 20. Qxe8+
Rxe8 21. Rxd6 cxd6 22. Kf1 d5 23. exd5 Nxd5 24. Rd1 Rd8 25. f4 Ne3+ 26. Ke2
Nxd1 27. Kf3 Rd2 28. Kg4 Rxf2 29. Bf3 Ne3+ 30. Kg3 Rxa2 31. h4 Rg2+ 32. Bxg2
Nxg2 33. Kxg2 a4 34. Kf2 a3 35. Ke3 a2 36. Kd2 a1=Q 37. Kd3 Kf8 38. Kc4 Qa4+
39. Kd5 Ke7 40. Ke5 Qb5+ 41. Ke4 Kd6 42. Kf3 f5 43. Kg3 Qb3+ 44. Kf2 Kd5 45.
Ke2 Ke4 46. Kd2 Qb2+ 47. Kd1 Kd3 48. Ke1 Qe2# 0-1

[Event "DVM U12 2013"]
[Site "Lichtenfels-Schney GER"]
[Date "2013.12.28"]
[Round "4"]
[White "Bock, Alexander"]
[Black "Mantel, Ruben"]
[Result "0-1"]
[Termination "normal"]
[Board "10.1"]
[WhiteElo "1283"]
[BlackElo "1645"]
[WhiteTeam "SG Blau-Weiß Stadtilm"]
[BlackTeam "Spvg Zabo-Eintracht Nürnberg"]
[BlackFideId "12930121"]
[EventCountry "GER"]
[EventRounds "7"]
[EventType "team-swiss"]
[EventDate "2013.12.26"]

1. e4 e6 2. d3 d5 3. Nd2 c5 4. Ngf3 Nc6 5. g3 Bd6 6. Bg2 Nf6 7. c3 O-O 8. O-O
Re8 9. Re1 Bc7 10. Nh4 e5 11. Nf1 Bg4 12. f3 Be6 13. h3 Qd7 14. Kh2 h6 15. f4
exf4 16. gxf4 g5 17. e5 Nh7 18. Nf3 f6 19. d4 cxd4 20. cxd4 Kh8 21. Ng3 Rg8 22.
Nh5 gxf4 23. Bxf4 Raf8 24. Bxh6 fxe5 25. dxe5 Rxg2+ 26. Kxg2 Bxh3+ 27. Kf2 Bb6+
28. Be3 d4 29. Ke2 Rxf3 30. Bh6 d3+ 31. Kd2 Rf2+ 32. Kc1 d2+ 33. Kb1 Qd3+ 0-1

[Event "DVM U12 2013"]
[Site "Lichtenfels-Schney GER"]
[Date "2013.12.28"]
[Round "4"]
[White "Helm, Stephan"]
[Black "Hildermann, Christopher"]
[Result "1-0"]
[Termination "normal"]
[Board "10.3"]
[WhiteElo "1050"]
[BlackElo "1028"]
[WhiteTeam "SG Blau-Weiß Stadtilm"]
[BlackTeam "Spvg Zabo-Eintracht Nürnberg"]
[EventCountry "GER"]
[EventRounds "7"]
[EventType "team-swiss"]
[EventDate "2013.12.26"]

1. e4 e5 2. Nf3 Nc6 3. Bc4 Bc5 4. Nc3 Nf6 5. d3 d6 6. Bg5 Be6 7. Bb3 Qe7 8. Qe2
O-O-O 9. O-O-O h6 10. Be3 Bb4 11. Bd2 d5 12. exd5 Bxd5 13. Nxd5 Nxd5 14. Bxb4
Ncxb4 15. d4 Nb6 16. dxe5 Rxd1+ 17. Rxd1 f6 18. a3 Nc6 19. e6 Re8 20. Kb1 Nd8
21. Re1 a6 22. Nd4 Qd6 23. Nf5 Qxh2 24. Nxg7 Re7 25. Nf5 Re8 26. e7 Nc6 27. Bf7
Nxe7 28. Nxe7+ Kd8 29. Nc6+ Kd7 30. Qxe8+ Kd6 31. Qe6+ Kc5 32. b4+ Kb5 33. Qf5+
Ka4 34. Bb3+ Kxa3 35. Qxf6 bxc6 36. Qb2+ Kxb4 37. c3+ Kc5 38. Rd1 Nd5 39. Bxd5
cxd5 40. Qb4+ Kc6 41. Rd4 Qg1+ 42. Kb2 Qxf2+ 43. Kb3 a5 44. Qxa5 Kd6 45. Qxd5+
Ke7 46. Qe5+ Kf7 47. Rf4+ Qxf4 48. Qxf4+ 1-0

[Event "DVM U12 2013"]
[Site "Lichtenfels-Schney GER"]
[Date "2013.12.28"]
[Round "4"]
[White "Hildermann, Richard"]
[Black "Siptroth, Fabius"]
[Result "1-0"]
[Termination "normal"]
[Board "10.4"]
[WhiteElo "983"]
[BlackElo "881"]
[WhiteTeam "Spvg Zabo-Eintracht Nürnberg"]
[BlackTeam "SG Blau-Weiß Stadtilm"]
[EventCountry "GER"]
[EventRounds "7"]
[EventType "team-swiss"]
[EventDate "2013.12.26"]

1. e4 e5 2. Nf3 Nc6 3. Nc3 Bc5 4. Bc4 Nf6 5. d3 h6 6. O-O d6 7. Qe2 Be6 8. Bxe6
fxe6 9. Nb5 a6 10. Nc3 O-O 11. Be3 Bb6 12. Na4 Nh5 13. Nxb6 cxb6 14. c3 Qc7 15.
Rac1 Nf4 16. Qd2 Rf7 17. d4 exd4 18. cxd4 Raf8 19. Bxf4 Rxf4 20. Qe3 Qd7 21. e5
d5 22. h3 b5 23. Rc3 Na5 24. Rfc1 Nc4 25. Qe2 Re4 26. Qc2 Rff4 27. b3 Nb6 28.
Rc7 Qd8 29. Rxb7 Rf8 30. Qc6 Nc8 31. Qxe6+ Kh8 32. Qg6 Rg8 33. Rcc7 Qf8 34. Rf7
Qxf7 35. Rxf7 Re2 36. Nh4 Re4 37. Nf5 Re1+ 38. Kh2 Re2 39. Rxg7 Rxg7 40. Qxg7#
1-0